Statistics for British Car Manufacturers 1950-2000.

Click here to take the quiz!

General Stats

  • This quiz has been taken 82 times
  • The average score is 11 of 20

Answer Stats

Answer% Correct
Jaguar
99%
Lotus
82%
Rover
82%
Austin
72%
Caterham
72%
Morris
72%
TVR
66%
Triumph
65%
Morgan
60%
Jensen
59%
Land Rover
56%
Noble
54%
Reliant
51%
Arial
49%
Bowler
34%
Bristol
31%
Marcos
28%
Sunbeam
12%
Lanchester
9%
London Taxis International
9%

Score Distribution

Percentile by Number Answered

Percent of People with Each Score

Your Score History

You have not taken this quiz